MDQL
is popping MORE tags! Check the
thread
!
Quizzes
Events
Quiz Creation
Community
Videos
Private Events
Remove Ads
Sign In
Join for FREE
Feedback
Dark Mode
Quiz Categories
Sports
Geography
Music
Movies
Television
Just For Fun
Miscellaneous
History
Literature
Language
Science
Gaming
Entertainment
Religion
Holiday
For Kids
Quiz Lab
Recent
Popular Today
Quiz Kudos Today
Editor Picks
Curator Picks
Quizzes by...
Day
Popularity
Type
Ratings
Length
Year
Community
Subscriptions
Recent Discussions
Orange Saloon
Badges
Playlists
Quests
Create
Leaderboards
Showdown
Live 5
Trivia Bingo
Activity
Puzzle Library
Sporcle Events
Private Events
Virtual Trivia
Globe League
Become a Host
Pub Owners
SporcleCon
Opinionation
Our Games
Videos
Blog
Mobile Apps
Partnerships
Remove Ads and Go Orange
Feedback
Religion
Mythology
Religious Music
World Religions
Bible
Christianity
Catholicism
Judaism
Church
Scripture
Islam
Verse
Religion
Mythology
Religious Music
World Religions
Bible
Christianity
Catholicism
Judaism
Church
Scripture
Islam
Verse
Random Quiz
Search Sporcle
×
Quiz Lab
Quiz Lab
Religion
Vocabulary
Type in answers that appear in a list
Type in answers that appear in a list
Classic
Best Score? Go Orange.
Egyptian Mythology Stats
Can you name the Egyptian Mythology?
By
isolde
10m
21 Questions
348 Plays
348 Plays
348 Plays
Comments
Comments
Give Quiz Kudos
Give Quiz Kudos
-
- Ratings
hide this ad
Replay
Link that replays current quiz
Next Quiz
Link to next quiz in quiz playlist
You Got
0%
They Got
Avg Score
57%
Avg Friend Score
Upgrade to see
Score Distribution
Jump to the score distribution portion of the page
Score
0/21
Timer
10:00
0
Plays Today
Hint
God, Goddess, Object
% Correct
God of the Sun
Ra
92%
Goddess of motherhood and fertility
Isis
85.6%
God of the Underworld
Osiris
84.2%
Guide of souls to Amenti
Anubis
79.6%
Earth God
Geb
76.7%
God of Chaos
Set
75.9%
Goddess of Cats
Bast
74.7%
Chaos from which the world was created
Nu
73.9%
God of Wisdom and Magic
Thoth
71.8%
Goddess of the Heavens; Consort of Geb
Nut
71.8%
Originally called Wedjat (symbol)
Eye of Horus
60.6%
Hint
God, Goddess, Object
% Correct
God of Day
Horus
57.8%
Order of the universe
Maat
52.9%
Goddess of love
Hathor
51.7%
Funerary Text
Book of the Dead
38.8%
Goddess of the dead
Nephthys
38.5%
Chief deity of Memphis
Ptah
34.5%
Sacred Bull
Apis
29.6%
Inverted plane in which Ra sails through
Duat
23.6%
Father in the Theban triad of deities
Amen
22.1%
When 12 and 10 merge
Amen-Ra
16.1%
Quiz Playlist
Details
Report
Send in Message
Add To Playlist
Classic:
Type in answers that appear in a list
Last Updated: Feb 16, 2017
Quiz Scoreboard
CHALLENGE
Sign Up to Join the Scoreboard
Show All
Scores
Hide
Comments
May contain spoilers
Recently Published
Holiday 10x10 Sorting Gallery
by lukepisani3
Holiday
15m
Two Season TV Shows II
by 123Four
Television
10m
Image Sorting: Flags VI
by Barbecue
Geography
2m
More to Explore
Quiz From the Vault
Featured Blog Post
14 Easter Pick-up Lines to Find Eggs With
hide this ad
You Might Also Like...
Tags
Mythology Quiz
Vocabulary Quiz
Egypt
Today's Top Quizzes in Religion
Browse Religion
hide this ad
Today's Top Quizzes in Vocabulary
Browse Vocabulary
Top Contributed Quizzes in Religion
1
Christmas Pick: Judaism
2
Mini Trivia Sudoku: Mythology
3
99 names of Allah
4
Religions Spelling Bee
5
Christmas Pick: Islam
6
Christmas Pick: World Religions
7
Artistic Maundy Thursday
8
5-to-1: Children of Gods
9
Longevity in the Bible
10
5-to-1: European Churches
Explore More
Trending Topics
Harry Potter
Marvel
Kpop
Anime
NBA
Disney
Crossword
NFL
Pokémon
Puzzle
WWE
Country
Song
The Office
Soccer
hide this ad
More By:
isolde
Quiz
Plays
Rating
Category
Featured
Created
Egyptian Mythology
348
4.67
Religion
Feb 16, 2013
Go to Creator's Profile
Score Distribution
Quiz Creator Spotlight
isolde
Follow
Send a Message
Quizzes Created
-
Created Quiz Play Count
-
More By This Creator
Popular Quizzes Today
1
Find the US States - No Outlines Minefield
2
Colored Red Africa Blitz
3
Find the 'City' Movie
4
The Countries of the World
5
5x2 Blitz: Bands
6
Find the Countries of Europe - No Outlines Minefield
7
Find the US States
8
US States
More Religion Quizzes
Bible or Shakespeare?
Published
Trending Quizzes
Colored Red Europe Blitz I
Colored Red Europe Blitz II
Colored Red Africa Blitz II
Even More Two Season TV Shows
Colored Red Africa Blitz III
Recently Updated
Odd Team Out - Big 4 Players
pecheneg
Quick Pick: 20 Twenties
pecheneg
March Madness Men's Triple Doubles
pecheneg
How Do You Spell That?
pecheneg
Godzilla Movies
pecheneg
Grab Bag: 4-10 Letters
pecheneg
2024 March Madness Bracket
pecheneg
Famous TV Couples
Peacemaker
Champions League XIs: Real Madrid
pecheneg
Largest US Cities 1790-2010
pecheneg
Trending Topics
NBA
Disney
Crossword
Marvel
Kpop
Harry Potter
Anime
NFL
Song
Soccer
The Office
Puzzle
Country
WWE
Pokémon
Your Account Isn't Verified!
In order to create a playlist on Sporcle, you need to verify the email address you used during registration. Go to your
Sporcle Settings
to finish the process.
Report this User
Report this user for behavior that violates our
Community Guidelines
.
Details:
Send Report
Go to the Sporcle.com Mobile Site →
Comments